| 000 | 00669nam a2200181Ia 4500 | ||
|---|---|---|---|
| 008 | 100920s9999 xx 000 0 und d | ||
| 082 |
_b102211 _a891.43 न 07 |
||
| 100 | _aभाटिया रोशी/सोनी वेदप्रकाश. | ||
| 245 | _aएलिस आश्चर्य लोकमें. | ||
| 260 |
_bहिमालय प्रकाशन,लखनऊ. _c2007 |
||
| 300 |
_a127 _bसाधी |
||
| 365 | _b150 | ||
| 520 | _aहिंदी. | ||
| 630 | _aएलिस आश्चर्य लोकमें. | ||
| 650 | _aहिंदी. | ||
| 730 | _aएलिस आश्चर्य लोकमें. | ||
| 942 | _cBOOK | ||
| 999 |
_c742644 _d742641 |
||